| 000 | 01041cam a22003135a 4500 | ||
|---|---|---|---|
| 001 | 015986703 | ||
| 003 | OSt | ||
| 005 | 20201128021443.0 | ||
| 008 | 111129t2013 at o frb 001 0 eng d | ||
| 020 | _a9781133584698 (pbk.) | ||
| 020 | _a1133584691 (pbk.) | ||
| 040 |
_aStDuBDS _beng _cStDuBDS _dUk _dEG-ScBUE |
||
| 082 | 0 | 4 |
_a658.4012 _bIRE _222 |
| 100 | 1 |
_aIreland, R. Duane. _93119 |
|
| 245 | 1 | 4 |
_aThe management of strategy : _bconcepts / _cR. Duane Ireland, Robert E. Hoskisson, Michael A. Hitt. |
| 250 | _a10th ed., International ed. | ||
| 260 |
_a[Canberra] : _bSouth-Western Cengage Learning, _cc.2013. |
||
| 300 |
_a[various pagings] : _bphotos (col.) ; _c26 cm. |
||
| 500 | _aPrevious ed. : 2011. | ||
| 504 | _aIncludes bibliographical references and indexes. | ||
| 650 | 0 |
_aStrategic planning. _2BUEsh |
|
| 650 | 0 |
_aCompetition. _2BUEsh |
|
| 651 | _2BUEsh | ||
| 653 |
_bBUSADM _cAugust2015 |
||
| 655 |
_vreading book _934232 |
||
| 700 | 1 | _aHoskisson, Robert E. | |
| 700 | 1 | _aHitt, Michael A. | |
| 942 |
_2ddc _k658.4012 IRE |
||
| 999 |
_c20396 _d20368 |
||